00721 2200205 4500001002100000005001500021035002000036007000300056008004100059020001400100082000800114084001400122100006100136245013500197250001800332260008100350300004900431650001900480520001600499INLIS00000000000464720260603091424 a0010-0626000001ta260603 g 0 ind  a2614-0209 a905 a905 BAL h0 aBalai Pelestarian Nilai Budaya Provinsi Kalimantan Barat1 aHandep (Volume 6, Nomor 1, Desember 2022) :bJurnal Sejarah dan Budaya /cBalai Pelestarian Nilai Budaya Provinsi Kalimantan Barat aedisi pertama aPontianak :bBalai Pelestarian Nilai Budaya Provinsi Kalimantan Barat,c2022 axii, 108 hal :bteks, gambar, tabel ;c29 cm 4ajurnal sejarah ahal 107-108